LEADER 01140cam2 22002891 450 001 SOBE00022649 005 20190924102147.0 100 $a20120220d1920 |||||ita|0103 ba 101 $aita 102 $aIT 200 0 $a2 210 $aTorino$cUnione tipografico-editrice torinese$dstampa 1920 215 $a267 p., [3] c. di tav.$cill.$d18 cm 225 2 $aCollezione di classici italiani con note$v25 410 1$1001LAEC00020637$12001 $a*Collezione di classici italiani con note$v25 461 1$1001SOBE00022644$12001 $aDel primato morale e civile degli italiani / Vincenzo Gioberti ; introduzione e note di Gustavo Balsamo-Crivelli 700 1$aGioberti$b, Vincenzo <1801-1852>$3AF00014805$4070$068480 702 1$aBalsamo-Crivelli, Gustavo$3A600200028449$4070 801 0$aIT$bUNISOB$c20190924$gRICA 850 $aUNISOB 852 $aUNISOB$j850|Coll|30|K$m74278 912 $aSOBE00022649 940 $aM 102 Monografia moderna SBN 941 $aW 957 $a850|Coll|30|K$b000046$i-2$gSI$d74278$racquisto$tN$1vittorini$2UNISOB$3UNISOB$420120220114105.0$520120502133504.0$6bethb 996 $a2$91084301 997 $aUNISOB LEADER 01120nam0 22002531i 450 001 UON00048784 005 20231205102216.902 100 $a20020107d1970 |0itac50 ba 101 $aeng 102 $aEG 105 $a|||| 1|||| 200 1 $aAddress by president Gamal Abdel Nasser at the inaugural session of the International Conference of parlementarians February 2 1970 210 $aLe Caire$cU.A.R.$d1970 215 $a11 p.$d18 cm 620 $aEG$dIl Cairo$3UONL000377 686 $aARA I$cPAESI ARABI - GENERALIA$2A 700 1$aNASSER$bGamal Abdel$3UONV030833$0650412 790 1$aˆal-‰NASIR, Gamal Abd$zNASSER, Gamal Abdel$3UONV065924 801 $aIT$bSOL$c20240220$gRICA 899 $aSIBA - SISTEMA BIBLIOTECARIO DI ATENEO$2UONSI 912 $aUON00048784 950 $aSIBA - SISTEMA BIBLIOTECARIO DI ATENEO$dSI ARA I 161 (misc. b) $eSI SA 16321 7 161 (misc. b) 996 $aAddress by president Gamal Abdel Nasser at the inaugural session of the International Conference of parlementarians February 2 1970$91146412 997 $aUNIOR